Sanat: "Rempallaan" - Mikko Järvinen - Statistics

Yleistilastot
  • Tätä visaa on pelattu 16 kertaa
  • Keskiarvotulos 120 / 126
Vastaustilastot
Hint Vastaus % Oikein
aitaa
100%
aitta
100%
että
100%
harmaata
100%
hiljaa
100%
ihanasti
100%
ilta
100%
iski
100%
ja
100%
Ja
100%
kaikkea
100%
kaikki
100%
kaitaa
100%
kävi
100%
kertoa
100%
köyhänlainen
100%
kuin
100%
Kuka
100%
laitaa
100%
markkinavarsa
100%
Mökissä
100%
Mökki
100%
niin
100%
nuori
100%
oli
100%
paitaa
100%
pieni
100%
pientä
100%
piti
100%
1. | 2. Poika
100%
pojan
100%
polkua
100%
polttaen
100%
Portti
100%
pystyssä
100%
rempallaan
100%
rinnassa
100%
sanoi
100%
sarkojen
100%
sen
100%
silmäänsä
100%
sinisilmä
100%
sitä
100%
3. Sydän
100%
sydän
100%
sykki
100%
taitaa
100%
terve
100%
tyttö
100%
vaan
100%
Vaan
100%
vahvanlainen
100%
vaiti
100%
vakavana
100%
aitan
83%
Aurinko
83%
jo
83%
katsoi
83%
peltoa
83%
porraspuulla
83%
saitaa
83%
torkkui
83%
untansa
83%
Vaarilla
83%
vielä
83%
Kaste
67%
kukko
67%
Lehmä
67%
nukkui
67%
porsaskin
67%
Räystähällä
67%
tuuliviiri
67%
Ikkuna
50%
ovi
50%
17%
Ehtoja vastaavia visoja ei löytynyt
Tulosjakauma
Jokaisen tuloksen saaneiden osuus
Persentiili vastausten määrän mukaan
Tuloshistoriasi
Et ole pelannut tätä visaa